Electrical engineering; theory and practice (Record no. 545335)
[ view plain ]
| 000 -LEADER | |
|---|---|
| fixed length control field | 00861pam a2200241 4500 |
| 020 ## - INTERNATIONAL STANDARD BOOK NUMBER | |
| International Standard Book Number | 088275193X |
| 082 00 - DEWEY DECIMAL CLASSIFICATION NUMBER | |
| Classification number | 621.3 |
| Author Mark | ERI |
| -- | L-9 P-12 |
| 100 1# - MAIN ENTRY--PERSONAL NAME | |
| Personal name | Erickson, William H. |
| 9 (RLIN) | 41149 |
| 245 10 - TITLE STATEMENT | |
| Title | Electrical engineering; theory and practice |
| Statement of responsibility, etc. | [by] William H. Erickson [and] Nelson H. Bryant. |
| 250 ## - EDITION STATEMENT | |
| Edition statement | 2d ed. |
| 260 ## - PUBLICATION, DISTRIBUTION, ETC. | |
| Place of publication, distribution, etc. | Huntington, N.Y., |
| Name of publisher, distributor, etc. | R. E. Krieger Pub. Co., |
| Date of publication, distribution, etc. | 1974 [c1959] |
| 300 ## - PHYSICAL DESCRIPTION | |
| Extent | xiii, 614 p. |
| Other physical details | illus. |
| Dimensions | 24 cm. |
| 500 ## - GENERAL NOTE | |
| General note | Reprint of the ed. published by Wiley, New York. |
| 526 ## - STUDY PROGRAM INFORMATION NOTE | |
| Program name | 0 |
| Interest level | 0 |
| Reading level | 0 |
| Title point value | 621_300000000000000_ERI |
| 526 ## - STUDY PROGRAM INFORMATION NOTE | |
| Program name | 0 |
| Interest level | 0 |
| Reading level | 0 |
| Title point value | 621_300000000000000_ERI |
| 526 ## - STUDY PROGRAM INFORMATION NOTE | |
| Program name | 0 |
| Interest level | 0 |
| Reading level | 0 |
| Title point value | 621_300000000000000_ERI |
| 526 ## - STUDY PROGRAM INFORMATION NOTE | |
| Program name | 0 |
| Interest level | 0 |
| Reading level | 0 |
| Title point value | 621_300000000000000_ERI |
| 526 ## - STUDY PROGRAM INFORMATION NOTE | |
| Program name | 0 |
| Interest level | 0 |
| Reading level | 0 |
| Title point value | 621_300000000000000_ERI |
| 650 #0 - SUBJECT ADDED ENTRY--TOPICAL TERM | |
| Topical term or geographic name entry element | Electrical engineering. |
| 650 #0 - SUBJECT ADDED ENTRY--TOPICAL TERM | |
| Topical term or geographic name entry element | Electronics. |
| 700 1# - ADDED ENTRY--PERSONAL NAME | |
| Personal name | Bryant, Nelson H., |
| 9 (RLIN) | 41150 |
| 942 ## - ADDED ENTRY ELEMENTS (KOHA) | |
| Source of classification or shelving scheme | |
| Koha item type | Book |
| Withdrawn status | Lost status | Source of classification or shelving scheme | Damaged status | Not for loan | Permanent Location | Current Location | Date acquired | Total Checkouts | Full call number | Barcode | Date last seen | Price effective from | Koha item type | Date last checked out |
|---|---|---|---|---|---|---|---|---|---|---|---|---|---|---|
| Military College of Engineering (MCE) | Military College of Engineering (MCE) | 05/21/2014 | 621.3 ERI | MCE-1794 | 05/21/2014 | 05/21/2014 | Book | |||||||
| Military College of Engineering (MCE) | Military College of Engineering (MCE) | 05/21/2014 | 1 | 621.3 ERI | MCE-1582 | 12/14/2016 | 05/21/2014 | Book | 11/09/2016 | |||||
| Military College of Engineering (MCE) | Military College of Engineering (MCE) | 05/21/2014 | 621.3 ERI | MCE-33273 | 05/21/2014 | 05/21/2014 | Book | |||||||
| Military College of Engineering (MCE) | Military College of Engineering (MCE) | 05/21/2014 | 2 | 621.3 ERI | MCE-5082 | 11/24/2017 | 05/21/2014 | Book | 11/01/2017 | |||||
| Military College of Engineering (MCE) | Military College of Engineering (MCE) | 05/21/2014 | 621.3 ERI | MCE-33272 | 05/21/2014 | 05/21/2014 | Book |
